Learning Resource and Development

Physical education and health / (Record no. 11634)

MARC details
000 -LEADER
fixed length control field 00871nam a22002897a 4500
005 - DATE AND TIME OF LATEST TRANSACTION
control field 20230512223717.0
008 - FIXED-LENGTH DATA ELEMENTS--GENERAL INFORMATION
fixed length control field 211111t xxu||||| |||| 00| 0 eng d
020 ## - INTERNATIONAL STANDARD BOOK NUMBER
International Standard Book Number 9781680947205
040 ## - CATALOGING SOURCE
Transcribing agency CSPC
082 0# - DEWEY DECIMAL CLASSIFICATION NUMBER
Classification number 613.7
Item number P569
110 0# - MAIN ENTRY--CORPORATE NAME
Corporate name or jurisdiction name as entry element 3G E-Learning,
Relator term author.
245 00 - TITLE STATEMENT
Title Physical education and health /
Statement of responsibility, etc. 3G E-learning.
250 ## - EDITION STATEMENT
Edition statement Second (2nd.)
Remainder of edition statement Edition.
260 ## - PUBLICATION, DISTRIBUTION, ETC.
Place of publication, distribution, etc. New York, NY :
Name of publisher, distributor, etc. 3G E-learning LLC,
Date of publication, distribution, etc. 2018.
300 ## - PHYSICAL DESCRIPTION
Extent iv, 170 pages :
Other physical details color illustrations ;
Dimensions 30 cm.
336 ## - CONTENT TYPE
Source rdacontent
Content type term text
337 ## - MEDIA TYPE
Source rdamedia
Media type term unmediated
338 ## - CARRIER TYPE
Source rda carrier
Carrier type term volume
500 ## - GENERAL NOTE
General note Includes index.
504 ## - BIBLIOGRAPHY, ETC. NOTE
Bibliography, etc. note Includes references.
650 10 - SUBJECT ADDED ENTRY--TOPICAL TERM
Topical term or geographic name entry element Physical education.
650 10 - SUBJECT ADDED ENTRY--TOPICAL TERM
Topical term or geographic name entry element Health.
940 ## - EQUIVALENCE OR CROSS-REFERENCE--UNIFORM TITLE [OBSOLETE] [CAN/MARC only]
Uniform title <a href="jen">jen</a>
942 ## - ADDED ENTRY ELEMENTS (KOHA)
Koha item type
-- CIR 613.7 P569 2018
Holdings
Withdrawn status Lost status Damaged status Not for loan Home library Current library Shelving location Date acquired Total Checkouts Full call number Barcode Date last seen Copy number Price effective from Koha item type
        Main Library Main Library Circulation Section 05/12/2023   CIR 613.7 P569 2018 022897 05/12/2023 1-2 05/12/2023 Books
        Main Library Main Library Circulation Section 05/12/2023   CIR 613.7 P569 2018 022898 05/12/2023 2-2 05/12/2023 Books